| 000 | 01099nam a2200205 a 4500 | ||
|---|---|---|---|
| 001 | 000021502 | ||
| 005 | 20200930011341.0 | ||
| 008 | 100908s1976 dr r 000 0 spa d | ||
| 040 |
_aDO-SdBNP _bspa _cBNPHU |
||
| 082 |
_a510.2433 _bL865m |
||
| 100 | 1 |
_aLora R., Ricardo Antonio _944817 |
|
| 245 | 1 | 0 |
_aMatemáticas financieras / _cRicardo Antonio Lora R. |
| 260 |
_aSanto Domingo : _bTaller, _c1976. |
||
| 300 |
_a260 p. : _bgraf. ; _c25 cm. |
||
| 505 | 0 | _aLos números. Repaso de algunas operaciones - Exponentes. Logaritmos; concepto, tabla y su uso - Algunas nociones de estadística - Depreciación - Descuento comercial - Calculo de precios y beneficio - Interés simple - Valor actual u descuento bancario - Interés compuesto - Anualidades vencidas u ordinarias - Anualidades anticipadas y diferidas - Amortización - Bonos. Algunas operaciones - Caso general de las anualidades ciertas. | |
| 590 | _aInventariado, 2018/BT | ||
| 650 | 4 |
_aMatemáticas financieras _97099 |
|
| 650 | 4 |
_aMatemáticas financieras _xProblemas, ejercicios, etc. _97100 |
|
| 910 | _aValidado. Control de calidad. MFF | ||
| 999 |
_c21002 _d21002 |
||